000 00797cam a22002653a 4500
001 17607
003 PGUSA
005 20140828083356.0
008 060125s2006||||xxu|||||s|||||000 | eng d
040 _aPGUSA
_beng
042 _adc
050 4 _aBL
100 1 _aHolbach, Paul Henri Thiry, baron d',
_d1723-1789
245 1 0 _aSuperstition In All Ages (1732) :
_bCommon Sense
_h[electronic resource] /
_cPaul Henri Thiry, baron d' Holbach
260 _bProject Gutenberg,
_c2006
506 _aPublic domain in the USA.
516 _aElectronic text
653 _aAtheism
700 1 _aKnoop, Anna,
_d-1889
700 1 _aMeslier, Jean,
_d1664-1729
700 1 _aVoltaire,
_d1694-1778
830 0 _aProject Gutenberg
_v17607
856 4 0 _uhttp://www.gutenberg.org/ebooks/17607
942 _cEB
999 _c246862
_d246862